| 000 | 00601nam a22001817a 4500 | ||
|---|---|---|---|
| 999 |
_c184510 _d184510 |
||
| 005 | 20220121115356.0 | ||
| 010 | _aENG-131304 | ||
| 020 |
_a978-93-5266-975-2 _c195.00 |
||
| 035 | _aEN-114836 | ||
| 037 | _bDBAD | ||
| 082 | _a000 | ||
| 100 | _aSingh, Dwivedi | ||
| 245 |
_aStaff Selection Commission Constable (GD): _bComputer Based Examination (CBE)-2021/ _cSingh & Dwivedi |
||
| 260 |
_aNew Delhi _bPrabhat Exam _c2019 |
||
| 270 |
_bNew Delhi _a4/19, Asaf Ali Road _e110002 _k23289555, 23289666 _mprabhatbook@gmail.com |
||
| 300 |
_a246p. _c28cm(pbk) |
||
| 942 |
_2ddc _cEN _h000 _mSIN |
||